[Event "FRA-chT Top 12 2019"]
[Site "Brest"]
[Date "2019.05.25"]
[Round "8.6"]
[White "Moussard, Jules"]
[Black "Rambaldi, Francesco"]
[Result "0-1"]
[WhiteElo "2583"]
[BlackElo "2558"]
[Annotator "ChessBase"]
[PlyCount "94"]
[EventDate "2019.05.18"]
[EventType "team-tourn"]
[EventCountry "FRA"]
[SourceTitle "playchess.com"]
[Source "ChessBase"]
[SourceQuality "1"]
[TimeControl "40/5400+30:1800+30"]

1. e4 {[%emt 0:00:00]} e5 {[%emt 0:00:00]} 2. Nc3 {[%emt 0:00:00]} Nc6 {[%emt 0:00:42]} 3. g3 {[%emt 0:01:44]} Bc5 {[%emt 0:09:32]} 4. Bg2 {[%emt 0:00:34]} d6 {[%emt 0:08:51]} 5. d3 {[%emt 0:02:03]} f5 {[%emt 0:04:14]} 6. Na4 {[%emt 0:18:43]} Nf6 {[%emt 0:12:39]} 7. Ne2 {[%emt 0:16:01]} O-O {[%emt 0:05:52]} 8. O-O {[%emt 0:01:31]} Qe8 {[%emt 0:04:01]} 9. Nxc5 {[%emt 0:17:25]} dxc5 {[%emt 0:00:08]} 10. Nc3 {[%emt 0:00:27]} fxe4 {[%emt 0:10:09]} 11. Nxe4 {[%emt 0:10:06]} Nxe4 {[%emt 0:01:30]} 12. Bxe4 {[%emt 0:01:25]} Bf5 {[%emt 0:03:00]} 13. c3 {[%emt 0:01:41]} b6 {[%emt 0:03:25]} 14. Qa4 {[%emt 0:05:44]} Na5 {[%emt 0:06:54]} 15. Qxe8 {[%emt 0:08:49]} Raxe8 {[%emt 0:00:07]} 16. Bd5+ {[%emt 0:00:10]} Be6 {[%emt 0:01:03]} 17. Bg2 {[%emt 0:00:28]} Bd7 {[%emt 0:01:37]} 18. f4 {[%emt 0:01:36]} Bc6 {[%emt 0:02:07]} 19. Bxc6 {[%emt 0:03:49]} Nxc6 {[%emt 0:00:06]} 20. Re1 {[%emt 0:01:07]} Kf7 {[%emt 0:03:24]} 21. Be3 {[%emt 0:01:18]} Rd8 {[%emt 0:03:25]} 22. Rad1 {[%emt 0:00:07]} Rd5 {[%emt 0:00:37]} 23. Kf2 {[%emt 0:00:19]} Rfd8 {[%emt 0:02:10]} 24. Ke2 {[%emt 0:00:10]} exf4 {[%emt 0:00:31]} 25. Bxf4 {[%emt 0:00:15]} g5 {[%emt 0:00:34]} 26. Bc1 {[%emt 0:02:17]} Kg6 {[%emt 0:00:26]} 27. h4 {[%emt 0:01:23]} h6 {[%emt 0:00:36]} 28. hxg5 {[%emt 0:00:02]} hxg5 {[%emt 0:00:06]} 29. Kf2 {[%emt 0:02:56]} Ne5 {[%emt 0:03:20]} 30. d4 {[%emt 0:00:04]} cxd4 {[%emt 0:00:14]} 31. cxd4 {[%emt 0:00:07]} c5 {[%emt 0:00:22]} 32. b3 {[%emt 0:01:32]} cxd4 {[%emt 0:00:30]} 33. Bb2 {[%emt 0:00:27]} Kf5 {[%emt 0:04:03]} 34. Kg2 {[%emt 0:00:55]} Ng4 {[%emt 0:02:24]} 35. Kf3 {[%emt 0:00:31]} Re5 {[%emt 0:01:19]} 36. Rxe5+ {[%emt 0:00:52]} Nxe5+ {[%emt 0:00:06]} 37. Kf2 {[%emt 0:00:16]} Ke4 {[%emt 0:00:45]} 38. Re1+ {[%emt 0:00:05]} Kd5 {[%emt 0:00:21]} 39. Rd1 {[%emt 0:00:06]} Nc6 {[%emt 0:00:26]} 40. g4 {[%emt 0:00:52]} Ke4 {[%emt 0:03:01]} 41. Bc1 {[%emt 0:03:44]} Ne5 {[%emt 0:01:51]} 42. Kg3 {[%emt 0:03:23]} Nf3 {[%emt 0:05:47]} 43. Rf1 {[%emt 0:01:34]} Rc8 {[%emt 0:00:13]} 44. Bb2 {[%emt 0:01:36]} Rc2 {[%emt 0:00:48]} 45. Rxf3 {[%emt 0:00:52]} Rxb2 {[%emt 0:00:05]} 46. Rf7 {[%emt 0:00:16]} Rxa2 {[%emt 0:01:02]} 47. Re7+ {[%emt 0:00:19]} Kd3 {[%emt 0:00:13]} 0-1

[Event "FRA-chT Top 12 2019"]
[Site "Brest"]
[Date "2019.05.25"]
[Round "8.6"]
[White "Burri, Quentin"]
[Black "Dornbusch, Tatiana"]
[Result "1/2-1/2"]
[WhiteElo "2425"]
[BlackElo "2285"]
[Annotator "NA"]
[PlyCount "125"]
[EventDate "2019.05.18"]
[EventType "team-tourn"]
[EventCountry "FRA"]
[SourceTitle "playchess.com"]
[Source "ChessBase"]
[SourceQuality "1"]
[TimeControl "40/5400+30:1800+30"]

1. e4 {[%emt 0:00:00]} Nf6 {[%emt 0:00:00]} 2. e5 {[%emt 0:00:00]} Nd5 {[%emt 0:00:00]} 3. d4 {[%emt 0:00:00]} d6 {[%emt 0:00:06]} 4. Nf3 {[%emt 0:00:00]} Bg4 {[%emt 0:04:04]} 5. Be2 {[%emt 0:00:12]} Nc6 {[%emt 0:00:45]} 6. c4 {[%emt 0:03:26]} Nb6 {[%emt 0:00:18]} 7. exd6 {[%emt 0:01:18]} cxd6 {[%emt 0:08:36]} 8. d5 {[%emt 0:09:33]} Bxf3 {[%emt 0:07:45]} 9. Bxf3 {[%emt 0:01:24]} Ne5 {[%emt 0:00:23]} 10. Be2 {[%emt 0:00:26]} Rc8 {[%emt 0:18:42]} 11. b3 {[%emt 0:10:53]} g6 {[%emt 0:05:46]} 12. a4 {[%emt 0:09:08]} Bg7 {[%emt 0:00:44]} 13. Ra2 {[%emt 0:00:41]} O-O {[%emt 0:06:39]} 14. Be3 {[%emt 0:01:31]} a5 {[%emt 0:06:03]} 15. O-O {[%emt 0:01:38]} Ned7 {[%emt 0:04:32]} 16. Na3 {[%emt 0:06:16]} Nc5 {[%emt 0:00:50]} 17. Nb5 {[%emt 0:00:15]} Nbd7 {[%emt 0:01:47]} 18. Re1 {[%emt 0:01:10]} Re8 {[%emt 0:01:24]} 19. Bg5 {[%emt 0:08:30]} Ne4 {[%emt 0:02:49]} 20. Be3 {[%emt 0:01:26]} Nc3 {[%emt 0:00:20]} 21. Nxc3 {[%emt 0:00:55]} Bxc3 {[%emt 0:00:05]} 22. Rf1 {[%emt 0:00:33]} Nc5 {[%emt 0:00:54]} 23. Rc2 {[%emt 0:18:07]} Bg7 {[%emt 0:00:40]} 24. Rc1 {[%emt 0:01:22]} Qb6 {[%emt 0:01:37]} 25. Rb1 {[%emt 0:00:18]} Qb4 {[%emt 0:09:17]} 26. Qc2 {[%emt 0:07:16]} f5 {[%emt 0:07:04]} 27. g4 {[%emt 0:04:00]} Qc3 {[%emt 0:04:12]} 28. Qxc3 {[%emt 0:00:35]} Bxc3 {[%emt 0:00:02]} 29. Kh1 {[%emt 0:02:13]} fxg4 {[%emt 0:02:44]} 30. Bxg4 {[%emt 0:00:05]} Rcd8 {[%emt 0:01:07]} 31. f4 {[%emt 0:01:31]} Kh8 {[%emt 0:03:25]} 32. f5 {[%emt 0:02:55]} gxf5 {[%emt 0:00:08]} 33. Bxf5 {[%emt 0:00:14]} Rf8 {[%emt 0:00:34]} 34. Rf3 {[%emt 0:00:46]} Be5 {[%emt 0:01:12]} 35. Rbf1 {[%emt 0:07:28]} Rf7 {[%emt 0:01:13]} 36. Bc2 {[%emt 0:00:20]} Rxf3 {[%emt 0:00:51]} 37. Rxf3 {[%emt 0:00:04]} Rg8 {[%emt 0:01:08]} 38. Rh3 {[%emt 0:01:06]} Rg7 {[%emt 0:00:14]} 39. Bh6 {[%emt 0:00:21]} Rf7 {[%emt 0:00:46]} 40. Kg2 {[%emt 0:01:05]} Kg8 {[%emt 0:00:32]} 41. Be3 Rg7+ {[%emt 0:03:58]} 42. Kf1 {[%emt 0:04:32]} Rf7+ {[%emt 0:00:33]} 43. Ke1 {[%emt 0:01:01]} b6 {[%emt 0:01:52]} 44. Rh5 {[%emt 0:01:55]} Rg7 {[%emt 0:09:11]} 45. Kf2 {[%emt 0:00:54]} Rf7+ {[%emt 0:00:19]} 46. Kg2 Rg7+ {[%emt 0:00:19]} 47. Rg5 {[%emt 0:00:44]} Bf6 {[%emt 0:03:24]} 48. Rxg7+ {[%emt 0:00:40]} Kxg7 {[%emt 0:00:01]} 49. Kf3 {[%emt 0:00:30]} Be5 {[%emt 0:04:18]} 50. h3 {[%emt 0:01:38]} Bf6 {[%emt 0:00:22]} 51. Kg4 {[%emt 0:00:16]} Kg8 {[%emt 0:03:12]} 52. Kf5 {[%emt 0:02:13]} Kf7 {[%emt 0:00:31]} 53. Bd1 {[%emt 0:00:16]} Bh4 {[%emt 0:03:27]} 54. b4 {[%emt 0:06:53]} axb4 {[%emt 0:00:20]} 55. Bxc5 {[%emt 0:00:06]} dxc5 {[%emt 0:00:32]} 56. Bh5+ {[%emt 0:00:04]} Kf8 {[%emt 0:01:11]} 57. Ke6 {[%emt 0:00:08]} b3 {[%emt 0:00:45]} 58. Bd1 {[%emt 0:00:06]} b2 {[%emt 0:00:23]} 59. Bc2 {[%emt 0:00:04]} h6 {[%emt 0:00:30]} 60. Kd7 {[%emt 0:00:18]} Be1 {[%emt 0:00:18]} 61. Ke6 {[%emt 0:00:21]} Bg3 {[%emt 0:00:34]} 62. Kd7 {[%emt 0:00:10]} Be1 {[%emt 0:00:32]} 63. Ke6 {[%emt 0:00:04]} 1/2-1/2

[Event "FRA-chT Top 12 2019"]
[Site "Brest"]
[Date "2019.05.25"]
[Round "8.6"]
[White "Godart, Francois"]
[Black "Terrieux, Kevin"]
[Result "0-1"]
[WhiteElo "2419"]
[BlackElo "2455"]
[Annotator "ChessBase"]
[PlyCount "82"]
[EventDate "2019.05.18"]
[EventType "team-tourn"]
[EventCountry "FRA"]
[SourceTitle "playchess.com"]
[Source "ChessBase"]
[SourceQuality "1"]
[TimeControl "40/5400+30:1800+30"]

1. d4 {[%emt 0:00:00]} Nf6 {[%emt 0:00:00]} 2. c4 {[%emt 0:00:19]} e6 {[%emt 0:00:00]} 3. g3 {[%emt 0:00:35]} c5 {[%emt 0:00:14]} 4. d5 {[%emt 0:00:50]} exd5 {[%emt 0:00:17]} 5. cxd5 {[%emt 0:00:05]} d6 {[%emt 0:00:20]} 6. Nc3 {[%emt 0:00:22]} g6 {[%emt 0:00:13]} 7. Bg2 {[%emt 0:00:12]} Bg7 {[%emt 0:00:12]} 8. Nf3 {[%emt 0:00:41]} O-O {[%emt 0:00:12]} 9. O-O {[%emt 0:00:11]} Re8 {[%emt 0:00:20]} 10. Bf4 {[%emt 0:01:05]} Bf5 {[%emt 0:00:53]} 11. Nd2 {[%emt 0:10:59]} Nh5 {[%emt 0:01:21]} 12. e4 {[%emt 0:11:51]} Nxf4 {[%emt 0:03:33]} 13. gxf4 {[%emt 0:00:30]} Bd7 {[%emt 0:00:59]} 14. Nc4 {[%emt 0:04:43]} Bxc3 {[%emt 0:00:55]} 15. bxc3 {[%emt 0:01:47]} Bb5 {[%emt 0:00:15]} 16. Qb3 {[%emt 0:03:00]} Bxc4 {[%emt 0:00:33]} 17. Qxc4 {[%emt 0:00:06]} Nd7 {[%emt 0:00:09]} 18. Qd3 {[%emt 0:07:56]} Nf6 {[%emt 0:09:09]} 19. Bf3 {[%emt 0:05:59]} Re7 {[%emt 0:10:22]} 20. Rfe1 {[%emt 0:04:08]} Qf8 {[%emt 0:02:04]} 21. e5 {[%emt 0:14:29]} Rae8 {[%emt 0:13:36]} 22. Rad1 {[%emt 0:12:10]} dxe5 {[%emt 0:37:48]} 23. fxe5 {[%emt 0:00:39]} Rxe5 {[%emt 0:01:18]} 24. Rxe5 {[%emt 0:00:14]} Rxe5 {[%emt 0:00:02]} 25. d6 {[%emt 0:00:12]} Qd8 {[%emt 0:07:24]} 26. Bxb7 {[%emt 0:03:35]} Nh5 {[%emt 0:02:01]} 27. d7 {[%emt 0:05:49]} Kg7 {[%emt 0:01:31]} 28. Qd6 {[%emt 0:01:43]} Rg5+ {[%emt 0:01:44]} 29. Kf1 {[%emt 0:02:04]} Nf6 {[%emt 0:00:32]} 30. Bc6 {[%emt 0:01:44]} Rf5 {[%emt 0:00:44]} 31. Re1 {[%emt 0:00:53]} Nxd7 {[%emt 0:01:08]} 32. Bxd7 {[%emt 0:00:58]} Rf6 {[%emt 0:00:12]} 33. Qe7 {[%emt 0:04:00]} Qc7 {[%emt 0:01:23]} 34. Kg1 {[%emt 0:00:26]} Qb7 {[%emt 0:01:28]} 35. Bh3 {[%emt 0:00:51]} Qd5 {[%emt 0:01:06]} 36. Qe5 {[%emt 0:01:06]} Qxa2 {[%emt 0:01:13]} 37. Qxc5 {[%emt 0:00:41]} a5 {[%emt 0:00:07]} 38. Re8 {[%emt 0:00:23]} Qb1+ {[%emt 0:01:05]} 39. Bf1 {[%emt 0:00:04]} Rf5 {[%emt 0:00:13]} 40. Qf8+ {[%emt 0:00:11]} Kf6 {[%emt 0:00:09]} 41. Re7 {[%emt 0:32:25]} Rg5+ {[%emt 0:31:41]} 0-1

[Event "FRA-chT Top 12 2019"]
[Site "Brest"]
[Date "2019.05.25"]
[Round "8.6"]
[White "Giroyan, Gary"]
[Black "Bailet, Pierre"]
[Result "0-1"]
[WhiteElo "2409"]
[BlackElo "2466"]
[Annotator "ChessBase"]
[PlyCount "106"]
[EventDate "2019.05.18"]
[EventType "team-tourn"]
[EventCountry "FRA"]
[SourceTitle "playchess.com"]
[Source "ChessBase"]
[SourceQuality "1"]
[TimeControl "40/5400+30:1800+30"]

1. d4 {[%emt 0:00:00]} d5 {[%emt 0:00:00]} 2. c4 {[%emt 0:00:00]} e6 {[%emt 0:00:12]} 3. Nc3 {[%emt 0:00:00]} Be7 {[%emt 0:00:15]} 4. Qc2 {[%emt 0:02:53]} dxc4 {[%emt 0:08:58]} 5. e3 {[%emt 0:06:29]} a6 {[%emt 0:03:15]} 6. a4 {[%emt 0:07:11]} b6 {[%emt 0:13:53]} 7. Bxc4 {[%emt 0:03:11]} Bb7 {[%emt 0:00:10]} 8. Nge2 {[%emt 0:06:19]} Nf6 {[%emt 0:02:49]} 9. O-O {[%emt 0:00:43]} O-O {[%emt 0:01:04]} 10. e4 {[%emt 0:15:56]} c5 {[%emt 0:08:14]} 11. dxc5 {[%emt 0:05:27]} Bxc5 {[%emt 0:04:19]} 12. Bg5 {[%emt 0:04:57]} Nbd7 {[%emt 0:04:10]} 13. Ng3 {[%emt 0:15:12]} Qc7 {[%emt 0:10:46]} 14. Qe2 {[%emt 0:01:06]} h6 {[%emt 0:00:59]} 15. Bxf6 {[%emt 0:00:42]} Nxf6 {[%emt 0:00:10]} 16. Rad1 {[%emt 0:03:43]} Qf4 {[%emt 0:01:45]} 17. Nh5 {[%emt 0:11:41]} Nxh5 {[%emt 0:01:21]} 18. Qxh5 {[%emt 0:00:01]} Bxe4 {[%emt 0:02:42]} 19. Nxe4 {[%emt 0:00:11]} Qxe4 {[%emt 0:00:06]} 20. b3 {[%emt 0:00:05]} a5 {[%emt 0:02:26]} 21. Rde1 {[%emt 0:05:16]} Qc2 {[%emt 0:03:46]} 22. Re2 {[%emt 0:01:07]} Qc3 {[%emt 0:00:13]} 23. Re4 {[%emt 0:00:42]} Rad8 {[%emt 0:01:29]} 24. Rf4 {[%emt 0:00:01]} Rd2 {[%emt 0:02:55]} 25. g3 {[%emt 0:00:40]} Qc2 {[%emt 0:03:03]} 26. Qf3 {[%emt 0:03:52]} g6 {[%emt 0:03:32]} 27. h4 {[%emt 0:00:52]} Kg7 {[%emt 0:01:29]} 28. Kg2 {[%emt 0:00:03]} h5 {[%emt 0:03:47]} 29. Qb7 {[%emt 0:00:35]} Kg8 {[%emt 0:02:38]} 30. Rf3 {[%emt 0:01:15]} Qb2 {[%emt 0:00:42]} 31. Rf4 {[%emt 0:00:47]} Qe5 {[%emt 0:02:12]} 32. Qf3 {[%emt 0:00:41]} Rb2 {[%emt 0:01:43]} 33. Qd3 {[%emt 0:00:37]} Bb4 {[%emt 0:07:30]} 34. Rd1 {[%emt 0:00:07]} Be7 {[%emt 0:00:36]} 35. Qf3 {[%emt 0:00:12]} Bc5 {[%emt 0:00:26]} 36. Qb7 {[%emt 0:01:29]} Qe3 {[%emt 0:00:41]} 37. Rf1 {[%emt 0:00:30]} Rd2 {[%emt 0:00:51]} 38. Rf3 {[%emt 0:01:07]} Qd4 {[%emt 0:00:34]} 39. Rf4 {[%emt 0:00:05]} Qd7 {[%emt 0:00:41]} 40. Qf3 {[%emt 0:00:43]} Qe7 {[%emt 0:01:34]} 41. Qc6 {[%emt 0:03:36]} Rfd8 {[%emt 0:04:41]} 42. Re1 {[%emt 0:02:46]} R8d6 {[%emt 0:02:02]} 43. Qa8+ {[%emt 0:02:32]} Kg7 {[%emt 0:00:39]} 44. Rf3 {[%emt 0:01:03]} Rb2 {[%emt 0:02:27]} 45. Re2 {[%emt 0:09:54]} Rb1 {[%emt 0:04:03]} 46. Qe4 {[%emt 0:01:51]} Rdd1 {[%emt 0:00:43]} 47. Rd3 {[%emt 0:00:44]} Rg1+ {[%emt 0:02:03]} 48. Kf3 {[%emt 0:02:14]} Rbf1 {[%emt 0:02:34]} 49. Rdd2 {[%emt 0:03:10]} Kh7 {[%emt 0:01:18]} 50. Ba6 {[%emt 0:07:10]} Bd6 {[%emt 0:00:50]} 51. Ke3 {[%emt 0:00:12]} Bxg3 {[%emt 0:00:38]} 52. Rd5 {[%emt 0:01:16]} Qf6 {[%emt 0:02:17]} 53. Rxh5+ {[%emt 0:00:35]} Kg7 {[%emt 0:00:07]} 0-1

[Event "FRA-chT Top 12 2019"]
[Site "Brest"]
[Date "2019.05.25"]
[Round "8.6"]
[White "Milliet, Sophie"]
[Black "Jeanne, Mickael"]
[Result "1-0"]
[WhiteElo "2400"]
[BlackElo "2150"]
[Annotator "NA"]
[PlyCount "71"]
[EventDate "2019.05.18"]
[EventType "team-tourn"]
[EventCountry "FRA"]
[SourceTitle "playchess.com"]
[Source "ChessBase"]
[SourceQuality "1"]
[TimeControl "40/5400+30:1800+30"]

1. e4 {[%emt 0:00:00]} Nf6 {[%emt 0:00:00]} 2. e5 {[%emt 0:00:00]} Nd5 {[%emt 0:00:00]} 3. d4 {[%emt 0:00:00]} d6 {[%emt 0:00:00]} 4. Nf3 {[%emt 0:00:00]} g6 {[%emt 0:00:04]} 5. Bc4 {[%emt 0:00:02]} Nb6 {[%emt 0:00:11]} 6. Bb3 {[%emt 0:00:05]} Bg7 {[%emt 0:00:14]} 7. Qe2 {[%emt 0:09:16]} Nc6 {[%emt 0:00:00]} 8. O-O {[%emt 0:10:48]} O-O {[%emt 0:27:49]} 9. h3 {[%emt 0:04:03]} Na5 {[%emt 0:05:59]} 10. Rd1 {[%emt 0:02:35]} Nxb3 {[%emt 0:03:54]} 11. axb3 {[%emt 0:00:03]} Bf5 {[%emt 0:02:30]} 12. Nc3 {[%emt 0:00:45]} c6 {[%emt 0:04:03]} 13. Bf4 {[%emt 0:12:16]} Qc7 {[%emt 0:15:14]} 14. Rd2 {[%emt 0:00:37]} Rfd8 {[%emt 0:02:27]} 15. Rad1 {[%emt 0:14:22]} a5 {[%emt 0:04:17]} 16. Re1 {[%emt 0:03:22]} Rac8 {[%emt 0:06:44]} 17. Qd1 {[%emt 0:05:58]} Be6 {[%emt 0:04:20]} 18. Ng5 {[%emt 0:07:39]} Bd5 {[%emt 0:01:22]} 19. e6 {[%emt 0:00:29]} f6 {[%emt 0:06:58]} 20. Nf7 {[%emt 0:00:38]} Rf8 {[%emt 0:01:53]} 21. Nh6+ {[%emt 0:00:23]} Kh8 {[%emt 0:00:54]} 22. h4 {[%emt 0:00:54]} Ra8 {[%emt 0:02:50]} 23. Qg4 {[%emt 0:06:45]} Qc8 {[%emt 0:01:22]} 24. Qg3 {[%emt 0:05:19]} a4 {[%emt 0:03:13]} 25. Nxa4 {[%emt 0:03:48]} Nxa4 {[%emt 0:00:42]} 26. bxa4 {[%emt 0:00:03]} Rxa4 {[%emt 0:01:33]} 27. b3 {[%emt 0:06:38]} Ra2 {[%emt 0:00:17]} 28. Rde2 {[%emt 0:00:15]} b5 {[%emt 0:00:13]} 29. Nf7+ {[%emt 0:02:44]} Kg8 {[%emt 0:00:01]} 30. h5 Rxf7 {[%emt 0:03:10]} 31. exf7+ {[%emt 0:01:21]} Bxf7 {[%emt 0:00:04]} 32. hxg6 {[%emt 0:00:21]} hxg6 {[%emt 0:00:14]} 33. Rxe7 {[%emt 0:00:13]} Rxc2 {[%emt 0:00:44]} 34. Bxd6 {[%emt 0:00:14]} Qf5 {[%emt 0:01:00]} 35. Rb7 {[%emt 0:02:44]} Bxb3 {[%emt 0:01:56]} 36. Qxb3+ {[%emt 0:00:12]} 1-0

[Event "FRA-chT Top 12 2019"]
[Site "Brest"]
[Date "2019.05.25"]
[Round "8.7"]
[White "Edouard, Romain"]
[Black "Guichard, Pauline"]
[Result "1-0"]
[WhiteElo "2642"]
[BlackElo "2430"]
[Annotator "TA"]
[PlyCount "77"]
[EventDate "2019.05.18"]
[EventType "team-tourn"]
[EventCountry "FRA"]
[SourceTitle "playchess.com"]
[Source "ChessBase"]
[SourceQuality "1"]

{[%evp 10,77,25,16,23,-24,-17,-29,-10,-23,-22,-12,-18,-31,0,0,23,12,35,35,41,41,54,47,69,70,65,59,93,51,112,121,110,116,87,87,156,136,189,185,192,187,187,187,187,187,186,163,216,236,220,231,218,226,224,194,262,258,237,245,706,691,1006,845,1385,1333,1310,1341,5948,5685]} 1. d4 Nf6 2. c4 g6 3. g3 Bg7 4. Bg2 O-O 5. Nc3 Nc6 6. Nf3 d5 {E61: King's Indian: Early deviations for White, including Smyslov System} 7. h3 (7. cxd5 Nxd5 8. O-O e5 9. Nxd5 e4 10. Nd2 Qxd5 11. e3 f5 12. b3 Be6 13. Ba3 Rfd8 14. Rc1 Qd7 15. Qc2 Rac8 16. Rfd1 {0-1 (91) Duda,J (2737)-Grischuk,A (2766) chess.com INT 2018}) 7... dxc4 8. O-O Ne8 {[%cal Rc6d4] Black has an edge.} 9. d5 Nb4 10. a3 Na6 $1 11. Be3 e5 $146 (11... Nd6 $15) ({Predecessor:} 11... Nd6 12. Bd4 Bd7 13. Bxg7 Kxg7 14. Qd4+ f6 15. e4 e5 16. dxe6 Bxe6 {0-1 (57) Chernov,M-Andreeva,N (2300) Novokuznetsk 2001}) 12. dxe6 $1 $11 Bxe6 13. Nd4 $36 {[%mdl 2048] White has some pressure.} Bc8 14. Nc6 {[%mdl 64] Double Attack} Qxd1 15. Ne7+ Kh8 16. Rfxd1 c6 {next ...Be6 is good for Black.} 17. Nxc8 Rxc8 18. Bxa7 Nf6 19. e4 Rfd8 (19... Rc7 $14) 20. Bb6 $1 $16 Re8 21. Rd6 Nc7 22. f4 h6 (22... Kg8 $142) 23. Rad1 Kg8 (23... g5 $16 24. Bxc7 Rxc7) 24. e5 $18 Nfd5 25. Bxd5 Nxd5 26. Nxd5 cxd5 {[#]} 27. Ba5 $1 Bf8 28. R6xd5 c3 (28... Rb8 $142 29. Bb6 Rbc8) 29. Bxc3 Bxa3 30. Kg2 Bc5 31. Rd7 b6 32. R1d5 h5 {[#]} (32... Kf8 $142 33. Rd2 Re7) 33. g4 $1 hxg4 34. hxg4 b5 $2 {[#]} (34... Kf8 35. Rd3 Re7) 35. e6 $1 {[%mdl 512] White is clearly winning.} fxe6 (35... Rxe6 36. Rxc5) 36. Rg5 Be7 37. Rxg6+ {[%mdl 64] Double Attack} Kf8 38. Rxe6 b4 {[#]} 39. Rdxe7 $1 {[%mdl 64] Remove Defender. Accuracy: White = 92%, Black = 29%.} 1-0

[Event "FRA-chT Top 12 2019"]
[Site "Brest"]
[Date "2019.05.25"]
[Round "8.7"]
[White "Koch, Jean-Rene"]
[Black "Geenen, Marc"]
[Result "1/2-1/2"]
[WhiteElo "2465"]
[BlackElo "2246"]
[Annotator "ChessBase"]
[PlyCount "72"]
[EventDate "2019.05.18"]
[EventType "team-tourn"]
[EventCountry "FRA"]
[SourceTitle "playchess.com"]
[Source "ChessBase"]
[SourceQuality "1"]
[TimeControl "40/5400+30:1800+30"]

1. c4 {[%emt 0:00:00]} e5 {[%emt 0:00:00]} 2. Nc3 {[%emt 0:00:00]} Nf6 {[%emt 0:00:00]} 3. Nf3 {[%emt 0:00:00]} Nc6 {[%emt 0:00:00]} 4. e3 {[%emt 0:00:00]} Bb4 {[%emt 0:00:00]} 5. Nd5 {[%emt 0:00:22]} e4 {[%emt 0:00:23]} 6. Ng1 {[%emt 0:00:08]} O-O {[%emt 0:00:23]} 7. a3 {[%emt 0:00:13]} Bd6 {[%emt 0:00:41]} 8. Qc2 {[%emt 0:00:40]} Re8 {[%emt 0:00:27]} 9. d3 {[%emt 0:00:14]} exd3 {[%emt 0:12:25]} 10. Bxd3 {[%emt 0:00:53]} g6 {[%emt 0:00:34]} 11. Nxf6+ {[%emt 0:13:53]} Qxf6 {[%emt 0:02:13]} 12. Nf3 {[%emt 0:00:08]} b6 {[%emt 0:18:51]} 13. Bd2 {[%emt 0:07:33]} Ne5 {[%emt 0:09:59]} 14. Be4 {[%emt 0:08:28]} Nxf3+ {[%emt 0:02:40]} 15. gxf3 {[%emt 0:09:29]} Rb8 {[%emt 0:01:44]} 16. O-O-O {[%emt 0:03:18]} Be5 {[%emt 0:03:03]} 17. h4 {[%emt 0:16:53]} c6 {[%emt 0:07:25]} 18. Kb1 {[%emt 0:04:46]} Bb7 {[%emt 0:10:47]} 19. h5 {[%emt 0:04:07]} d5 {[%emt 0:01:08]} 20. hxg6 {[%emt 0:03:44]} fxg6 {[%emt 0:16:36]} 21. Bd3 {[%emt 0:11:39]} Qxf3 {[%emt 0:04:42]} 22. Rdg1 {[%emt 0:02:06]} Re6 {[%emt 0:01:44]} 23. cxd5 {[%emt 0:06:38]} cxd5 {[%emt 0:03:15]} 24. Bxg6 {[%emt 0:01:19]} hxg6 {[%emt 0:00:48]} 25. Rxg6+ {[%emt 0:00:06]} Rxg6 {[%emt 0:01:27]} 26. Qxg6+ {[%emt 0:00:02]} Bg7 {[%emt 0:00:07]} 27. Rg1 {[%emt 0:01:25]} Qf7 {[%emt 0:00:39]} 28. Qd6 {[%emt 0:00:49]} Rc8 {[%emt 0:00:18]} 29. Bc3 {[%emt 0:01:37]} Rxc3 {[%emt 0:00:15]} 30. bxc3 {[%emt 0:00:03]} d4 {[%emt 0:01:30]} 31. Qd8+ {[%emt 0:02:34]} Kh7 {[%emt 0:00:09]} 32. Qh4+ {[%emt 0:00:34]} Kg8 33. Qxd4 {[%emt 0:00:43]} Qb3+ {[%emt 0:01:16]} 34. Kc1 {[%emt 0:00:25]} Qxa3+ {[%emt 0:00:05]} 35. Kb1 {[%emt 0:01:00]} Qb3+ {[%emt 0:00:59]} 36. Kc1 {[%emt 0:00:14]} Qa3+ {[%emt 0:00:01]} 1/2-1/2

[Event "FRA-chT Top 12 2019"]
[Site "Brest"]
[Date "2019.05.25"]
[Round "8.7"]
[White "Flear, Glenn C"]
[Black "Degraeve, Jean-Marc"]
[Result "1/2-1/2"]
[WhiteElo "2445"]
[BlackElo "2546"]
[Annotator "ChessBase"]
[PlyCount "49"]
[EventDate "2019.05.18"]
[EventType "team-tourn"]
[EventCountry "FRA"]
[SourceTitle "playchess.com"]
[Source "ChessBase"]
[SourceQuality "1"]
[TimeControl "40/5400+30:1800+30"]

1. d4 {[%emt 0:00:00]} Nf6 {[%emt 0:00:00]} 2. c4 {[%emt 0:00:00]} g6 {[%emt 0:00:00]} 3. Nc3 {[%emt 0:00:03]} Bg7 {[%emt 0:00:00]} 4. e4 {[%emt 0:00:09]} d6 {[%emt 0:00:05]} 5. Be2 {[%emt 0:00:17]} O-O {[%emt 0:03:19]} 6. Bg5 {[%emt 0:00:13]} Na6 {[%emt 0:00:50]} 7. Qd2 {[%emt 0:01:12]} e5 {[%emt 0:02:18]} 8. d5 {[%emt 0:00:09]} c6 {[%emt 0:00:43]} 9. f3 {[%emt 0:01:44]} cxd5 {[%emt 0:00:34]} 10. cxd5 {[%emt 0:00:25]} Bd7 {[%emt 0:00:40]} 11. Bd1 {[%emt 0:01:13]} Qa5 {[%emt 0:05:05]} 12. Nge2 {[%emt 0:10:44]} Rfc8 {[%emt 0:19:47]} 13. a3 {[%emt 0:08:25]} Be8 {[%emt 0:03:29]} 14. O-O {[%emt 0:05:32]} Nd7 {[%emt 0:05:29]} 15. b4 {[%emt 0:17:10]} Qc7 {[%emt 0:07:37]} 16. Na4 {[%emt 0:02:20]} Nb6 {[%emt 0:08:28]} 17. Nxb6 {[%emt 0:01:05]} Qxb6+ {[%emt 0:00:07]} 18. Be3 {[%emt 0:00:14]} Qd8 {[%emt 0:01:28]} 19. Bc2 {[%emt 0:03:15]} Nb8 {[%emt 0:02:27]} 20. Bd3 {[%emt 0:01:35]} Nd7 {[%emt 0:00:17]} 21. Rac1 {[%emt 0:03:44]} Nb6 {[%emt 0:00:37]} 22. Rxc8 {[%emt 0:03:11]} Rxc8 {[%emt 0:00:08]} 23. Rc1 {[%emt 0:01:30]} Rxc1+ {[%emt 0:00:31]} 24. Qxc1 {[%emt 0:00:37]} h5 {[%emt 0:00:43]} 25. h3 {[%emt 0:05:10]} 1/2-1/2